| 000 | 00707nam a2200193 i 4500 | ||
|---|---|---|---|
| 001 | 187525 | ||
| 003 | ES-MaACL | ||
| 005 | 20251109105437.0 | ||
| 008 | 171025s1909 fr |||| | fre d | ||
| 245 | 0 | 0 |
_aConférences du laboratoire d'hygiène scolaire 1909 / _cpar MM. les Drs H. Méry, E. de Pradel, L. Butte, L. Dufestel, A. Mathieu, J.-Ch. Roux. |
| 260 |
_aParis : _b[s.n.], _c1909 ( _fImpr. Nationale) |
||
| 300 |
_a147 p., 3 h. de lám. ; _c20 cm. |
||
| 650 | 4 |
_aHigiene escolar. _9147625 |
|
| 700 | 1 |
_aMéry, Henri, _d1862-1927 _9163769 |
|
| 700 | 1 |
_aPradel, E. de. _9163770 |
|
| 700 | 1 |
_aButte, Lucien, _d1856-1918 _9163771 |
|
| 852 |
_aES-MaACL _jF-5982(2) |
||
| 999 |
_c187525 _d187525 |
||